[Event "ch-FRA Blitz Online Qual"]
[Site "Europe-Chess INT"]
[Date "2020.05.16"]
[Round "11"]
[White "Perolini, Cedric"]
[Black "Maccagnan, Tomas"]
[Result "0-1"]
[WhiteElo "1706"]
[BlackElo "1968"]
[WhiteFideId "20692773"]
[BlackFideId "26091763"]
[EventDate "2020.05.16"]

1. e4 e6 2. d4 d5 3. exd5 exd5 4. f4 Nf6 5. Nf3 Bd6 6. Bd3 c5 7. c3 Nc6 8. Ne5
O-O 9. Nxc6 bxc6 10. O-O Bg4 11. Qc2 Re8 12. Bf5 cxd4 13. cxd4 Qb6 14. Bxg4 Nxg4
15. Qc3 c5 16. h3 cxd4 17. Qb3 Ne3 18. Qxb6 axb6 19. Bxe3 dxe3 20. g3 d4 21. Re1
Bb4 22. Rc1 e2 23. Nc3 dxc3 24. b3 c2 25. Kf2 e1=Q+ 26. Rxe1 Rxe1 0-1

[Event "ch-FRA Blitz Online Qual"]
[Site "Europe-Chess INT"]
[Date "2020.05.16"]
[Round "11"]
[White "El Baroudi Abderrahmane"]
[Black "Grosse, Ludovic"]
[Result "0-1"]
[WhiteElo "1599"]
[BlackElo "1958"]
[WhiteFideId "9005382"]
[BlackFideId "26045842"]
[EventDate "2020.05.16"]

1. e4 c5 2. Nc3 Nc6 3. f4 d6 4. Nf3 g6 5. Bb5 Bg7 6. Bxc6+ bxc6 7. O-O Qb6 8.
Kh1 e6 9. f5 exf5 10. exf5 Bxf5 11. Qe2+ Ne7 12. Re1 Qc7 13. d3 h6 14. Bf4 Rd8
15. Ne4 Bxe4 16. Qxe4 Rd7 17. Re2 O-O 18. Rae1 Nd5 19. c4 Re7 20. Qxe7 Nxe7 21.
Rxe7 Qd8 22. Nd2 Bxb2 23. Bxh6 Bg7 24. Bg5 Qa5 25. Rd7 Bc3 26. Ne4 Bxe1 27. Bh6
Bc3 28. Bxf8 Kxf8 0-1

[Event "ch-FRA Blitz Online Qual"]
[Site "Europe-Chess INT"]
[Date "2020.05.16"]
[Round "11"]
[White "Quere, Alexandre"]
[Black "Ibrouchene, Christophe"]
[Result "0-1"]
[WhiteElo "2022"]
[BlackElo "1797"]
[WhiteFideId "631086"]
[BlackFideId "45110786"]
[EventDate "2020.05.16"]

1. Nf3 d5 2. g3 Nf6 3. c4 Nc6 4. cxd5 Nxd5 5. Bg2 Bg4 6. h3 Bh5 7. Nc3 e6 8. O-O
Bd6 9. d4 Qd7 10. e4 Nxc3 11. bxc3 O-O 12. Qc2 b5 13. Be3 a6 14. e5 Be7 15. Ng5
Bg6 16. Qd2 Rad8 17. Rfd1 Na5 18. Ne4 Nc4 19. Qe2 Qe8 20. h4 Rc8 21. h5 Bxe4 22.
Bxe4 c5 23. Qg4 cxd4 24. Bh6 g6 25. Bxf8 Bxf8 26. hxg6 hxg6 27. cxd4 Qe7 28. Kg2
Bg7 29. f4 Kf8 30. d5 Ne3+ 31. Kf3 Nxg4 32. Kxg4 exd5 33. Rxd5 Qe6+ 34. Kf3 Rc3+
35. Kg2 Bh6 36. Rad1 Qg4 37. R1d3 Rxd3 38. Rxd3 Kg7 39. Bf3 Qf5 40. Rd6 Qc2+ 41.
Kh3 Qxa2 42. Bb7 a5 43. Bd5 Qb1 44. Rd7 Qf5+ 45. Kg2 0-1

[Event "ch-FRA Blitz Online Qual"]
[Site "Europe-Chess INT"]
[Date "2020.05.16"]
[Round "11"]
[White "Zniber, Reda"]
[Black "Hadida, Simon"]
[Result "1-0"]
[WhiteElo "1986"]
[BlackElo "1900"]
[WhiteFideId "36054224"]
[BlackFideId "45132925"]
[EventDate "2020.05.16"]

1. c4 e5 2. g3 Nf6 3. Bg2 d5 4. cxd5 Nxd5 5. Nf3 Nc6 6. O-O Be6 7. d4 exd4 8.
Nxd4 Nxd4 9. Qxd4 c6 10. Rd1 Qb6 11. Qxb6 Nxb6 12. Nc3 Be7 13. Bf4 O-O 14. Ne4
Bd5 15. Nd6 Bxg2 16. Kxg2 Bxd6 17. Bxd6 Rfe8 18. e3 Nd5 19. Rd2 f6 20. Rad1 Kf7
21. Ba3 b5 22. b3 a5 23. Rc2 Rac8 24. Rdc1 Re6 25. Bc5 b4 26. Bd4 Ke7 27. Rc5
Ra8 28. Rxc6 Rxc6 29. Rxc6 Kd7 30. Rc5 Ne7 31. h4 Nc6 32. Kf3 Re8 33. Bb2 Kd6
34. Rc2 Rc8 35. Rd2+ Ke6 36. Ke2 Ne7 37. e4 Nc6 38. f4 h5 39. Ke3 g6 40. a3 Na7
41. axb4 axb4 42. Bd4 Nb5 43. Rd3 Rc6 44. Kf3 Rc1 45. Be3 Rc3 46. Ke2 Na3 47.
Rxc3 bxc3 48. Bc1 Nb5 49. Kd3 Nd6 50. Be3 Nb5 51. Bf2 Nd6 52. Be1 c2 53. Bd2 g5
54. fxg5 fxg5 55. hxg5 Ke5 56. g6 Nxe4 57. g7 1-0

[Event "ch-FRA Blitz Online Qual"]
[Site "Europe-Chess INT"]
[Date "2020.05.16"]
[Round "11"]
[White "Lavanant, Alexandre"]
[Black "Mecili, Nabil"]
[Result "1-0"]
[WhiteElo "1937"]
[BlackElo "1688"]
[WhiteFideId "654949"]
[BlackFideId "618420"]
[EventDate "2020.05.16"]

1. e4 d6 2. d4 Nf6 3. Nc3 g6 4. Bd3 Bg7 5. h3 O-O 6. Be3 c6 7. Qd2 b5 8. Nf3 a5
9. e5 dxe5 10. dxe5 Nd5 11. Bh6 Nxc3 12. bxc3 Nd7 13. h4 Nxe5 14. Nxe5 Bxe5 15.
Bxf8 Qxf8 16. h5 Be6 17. hxg6 fxg6 18. Rd1 Rd8 19. Qg5 Bxc3+ 20. Kf1 Qf6 21. Qh6
Qg7 22. Qe3 Rf8 23. Qxe6+ Kh8 24. Qxg6 Qxg6 25. Bxg6 Kg7 26. Bd3 h6 27. Be4 c5
28. Rd5 Bd4 29. f3 b4 30. Bd3 a4 31. Bc4 a3 32. Rd7 Re8 33. Rh4 Kg6 34. Re4 e5
35. Rd6+ Kg5 36. Rg4+ Kf5 37. Bd3+ e4 38. Bxe4+ Ke5 39. Rxh6 Rf8 40. Rh5+ Kd6
41. Rg6+ Bf6 42. Rd5+ Ke6 43. Rxc5 Kf7 44. Rc7+ Be7 45. Rh6 Re8 46. Rh7+ Kf6 47.
Rhxe7 Rxe7 48. Rxe7 Kxe7 49. Ke2 Kd6 50. Kd3 Kc5 51. g4 1-0

[Event "ch-FRA Blitz Online Qual"]
[Site "Europe-Chess INT"]
[Date "2020.05.16"]
[Round "11"]
[White "Cleran, Anthony"]
[Black "Azizyan, Rafayel"]
[Result "1-0"]
[WhiteElo "1933"]
[BlackElo "1667"]
[WhiteFideId "626066"]
[BlackFideId "651016931"]
[EventDate "2020.05.16"]

1. e4 e6 2. d4 d5 3. Nc3 Bb4 4. e5 c5 5. a3 Bxc3+ 6. bxc3 Ne7 7. Qg4 cxd4 8.
cxd4 Qc7 9. Bd3 Ng6 10. h4 h5 11. Qg3 Qc3+ 12. Kd1 Qxa1 13. Bxg6 Qxd4+ 14. Bd3
Qg4+ 15. Qxg4 hxg4 16. Be2 Nc6 17. Bf4 f6 18. exf6 gxf6 19. Bxg4 e5 20. Bxc8
Rxc8 21. Bd2 Nd4 22. c3 Nb5 23. Ne2 Nxa3 24. h5 Nc4 25. Bc1 Nd6 26. Ba3 Ne4 27.
Kc2 Nxf2 28. Rf1 Ne4 29. g4 d4 30. Kd3 Nxc3 31. Rxf6 Nxe2 32. Kxe2 Rc6 33. Rf5
Rg8 34. Rxe5+ Kd8 35. Rd5+ Ke8 36. Rxd4 Re6+ 37. Kf3 Ra6 38. Bb4 Ra4 39. Re4+
Kd7 40. h6 a5 41. Re7+ Kc6 42. h7 Rf8+ 43. Kg3 Rxb4 44. g5 a4 45. g6 Rb1 46. Re2
Rg1+ 47. Rg2 Rxg2+ 48. Kxg2 a3 49. g7 a2 50. gxf8=Q a1=Q 51. h8=Q Qa2+ 52. Qf2
Qd5+ 53. Qf3 b5 54. Qc8+ Kd6 55. Qd8+ Ke6 56. Qdxd5+ 1-0

[Event "ch-FRA Blitz Online Qual"]
[Site "Europe-Chess INT"]
[Date "2020.05.16"]
[Round "11"]
[White "Vieira, William"]
[Black "Briand, Amaury"]
[Result "1/2-1/2"]
[WhiteElo "1593"]
[BlackElo "1929"]
[WhiteFideId "20661193"]
[BlackFideId "36054968"]
[EventDate "2020.05.16"]

1. e4 e5 2. Nf3 Nc6 3. Bc4 Nf6 4. Ng5 d5 5. exd5 Na5 6. Bb5+ c6 7. dxc6 bxc6 8.
Qf3 Be7 9. O-O O-O 10. Ba4 h6 11. Ne4 Qd4 12. Nxf6+ Bxf6 13. Bb3 Nxb3 14. axb3
c5 15. Nc3 Rb8 16. Ra4 Qd7 17. d3 Bb7 18. Qg3 Bc6 19. Ra1 Rfe8 20. Bxh6 Rf8 21.
Bg5 Bxg5 22. Qxg5 Rfe8 23. Rfe1 Re6 24. Ne4 Rg6 25. Qxe5 Re8 26. Qf4 Qh3 27.
Nf6+ Rxf6 28. Rxe8+ Bxe8 29. Qxf6 Qg4 30. Qe7 Bc6 31. Qd8+ Kh7 32. g3 Qf3 33.
Qh4+ Kg8 34. Qd8+ Kh7 35. Qh4+ Kg6 36. Kf1 Qh1+ 37. Ke2 Qxa1 38. Qg4+ Kf6 39.
Qf4+ Ke6 40. Qc4+ Bd5 41. Qg4+ Ke7 42. Qg5+ Ke6 43. Qg4+ Kd6 44. Qf4+ Ke7 45.
Qc7+ Kf6 46. Qd6+ Kg5 47. Qxd5+ f5 48. Qd8+ Kh6 49. Qh4+ Kg6 50. Qe7 Qxb2 51.
Qd6+ Kg5 52. Qe7+ Kh6 53. Qe6+ Kh7 54. Qxf5+ Kg8 55. Qc8+ Kh7 56. Qf5+ Kg8 57.
Qc8+ Kh7 58. Qf5+ 1/2-1/2

[Event "ch-FRA Blitz Online Qual"]
[Site "Europe-Chess INT"]
[Date "2020.05.16"]
[Round "11"]
[White "Del Giovane, Fabio"]
[Black "Eveno, Nathan"]
[Result "1-0"]
[WhiteElo "1629"]
[BlackElo "2069"]
[WhiteFideId "45142190"]
[BlackFideId "45132178"]
[EventDate "2020.05.16"]

1. e4 c5 2. Nf3 d6 3. Bb5+ Nd7 4. Bxd7+ Bxd7 5. O-O Nf6 6. Re1 g6 7. c3 Bg7 8.
d4 b6 9. e5 dxe5 10. dxe5 Ng8 11. Bg5 h6 12. Bh4 g5 13. Bg3 Be6 14. Qa4+ Qd7 15.
Qe4 Bd5 16. Qe3 e6 17. Nbd2 Ne7 18. Ne4 Bxe4 19. Qxe4 Qc6 20. Qxc6+ Nxc6 21.
Rad1 Rd8 22. Nd2 h5 23. h3 Ke7 24. Nc4 b5 25. Nd6 a6 26. Re4 Rhg8 27. Rde1 Nxe5
28. Nb7 Rb8 29. Nxc5 Nd7 30. Nxd7 Kxd7 31. Bxb8 Rxb8 32. Rd1+ Ke7 33. Re2 b4 34.
c4 b3 35. a3 Rc8 36. Rd3 Rxc4 37. Rxb3 Rc6 38. g3 Bd4 39. Kg2 Kf6 40. Rf3+ Kg6
41. b4 Bf6 42. Rd3 Rb6 43. Rc2 Rb5 44. Rc5 Rb7 45. g4 hxg4 46. hxg4 Ra7 47. Rc6
a5 48. b5 a4 49. b6 Rb7 50. Rd1 Be7 51. Rb1 Kf6 52. Rc7 Rb8 53. b7 Bd6 54. Rc8
Be5 55. Rxb8 Bxb8 56. Rc1 1-0

[Event "ch-FRA Blitz Online Qual"]
[Site "Europe-Chess INT"]
[Date "2020.05.16"]
[Round "11"]
[White "Neau, Julien"]
[Black "Shved, Jakov"]
[Result "1-0"]
[WhiteElo "1916"]
[BlackElo "1667"]
[WhiteFideId "631388"]
[BlackFideId "45178194"]
[EventDate "2020.05.16"]

1. d4 d5 2. c4 e5 3. dxe5 d4 4. Nf3 Nc6 5. a3 Bg4 6. Nbd2 a5 7. Qa4 Bc5 8. h3
Bf5 9. Qb5 b6 10. Qxc6+ Bd7 11. Qe4 Ne7 12. Nxd4 Ba4 13. e3 O-O 14. Bd3 Ng6 15.
O-O Qe7 16. b3 Bd7 17. f4 Rfe8 18. N2f3 Kh8 19. f5 Nxe5 20. Nxe5 Qxe5 21. Qxe5
Rxe5 22. Bd2 Rae8 23. Nf3 Rxe3 24. Bxe3 Rxe3 25. Rad1 Rxf3+ 26. Kh1 Rg3 27. Be4
Bc6 28. Rd8+ 1-0

[Event "ch-FRA Blitz Online Qual"]
[Site "Europe-Chess INT"]
[Date "2020.05.16"]
[Round "11"]
[White "Berthaut, Alexandre"]
[Black "Briand, Maxime"]
[Result "1-0"]
[WhiteElo "1924"]
[BlackElo "1662"]
[WhiteFideId "26080192"]
[BlackFideId "651016397"]
[EventDate "2020.05.16"]

1. e4 e6 2. d4 d5 3. exd5 exd5 4. Bd3 Nf6 5. Nf3 Bd6 6. Qe2+ Qe7 7. Qxe7+ Bxe7
8. Bf4 c6 9. O-O O-O 10. Nbd2 Bg4 11. h3 Bh5 12. Rfe1 Bb4 13. c3 Ba5 14. Bd6 Re8
15. g4 Bg6 16. Bxg6 hxg6 17. g5 Rxe1+ 18. Rxe1 Nh5 19. Re8+ Kh7 20. Rxb8 1-0

[Event "ch-FRA Blitz Online Qual"]
[Site "Europe-Chess INT"]
[Date "2020.05.16"]
[Round "11"]
[White "Lesueur, Gabriel"]
[Black "Carme, Jeremie"]
[Result "1-0"]
[WhiteElo "1906"]
[BlackElo "1659"]
[WhiteFideId "45186359"]
[BlackFideId "45184593"]
[EventDate "2020.05.16"]

1. e4 c5 2. d4 cxd4 3. Nf3 Nc6 4. Nxd4 e5 5. Nb5 d6 6. N1c3 a6 7. Na3 b5 8. Nd5
Nce7 9. c4 Nxd5 10. exd5 b4 11. Qa4+ Bd7 12. Qxb4 f5 13. Bd3 Nf6 14. O-O Be7 15.
Be3 Rb8 16. Qc3 O-O 17. f3 f4 18. Bf2 Qe8 19. Rfe1 Qh5 20. c5 Nxd5 21. Bc4 Be6
22. Qd2 Qf7 23. Rad1 Nf6 24. cxd6 Bxc4 25. dxe7 Rfe8 26. Nxc4 Qxc4 27. Rxe5 Qxa2
28. Qxf4 Rxb2 29. Qe3 Rbb8 30. g4 h6 31. h4 Qc2 32. Rd2 Rb1+ 33. Kg2 Qc1 34. Re6
Qh1+ 35. Kg3 Rb4 36. Rxf6 gxf6 37. Qxh6 Rxe7 38. Qg6+ Kf8 39. Rd8+ Re8 40. Bc5# 1-0

[Event "ch-FRA Blitz Online Qual"]
[Site "Europe-Chess INT"]
[Date "2020.05.16"]
[Round "11"]
[White "Reuillon, Hadrien"]
[Black "Benayoun, Omri"]
[Result "1-0"]
[WhiteElo "1817"]
[BlackElo "1901"]
[WhiteFideId "45133972"]
[BlackFideId "45113807"]
[EventDate "2020.05.16"]

1. e4 c5 2. c3 e6 3. d4 d5 4. exd5 exd5 5. Nf3 Nc6 6. Bb5 Bd6 7. dxc5 Bxc5 8.
O-O Ne7 9. Bg5 f6 10. Bf4 O-O 11. Re1 Bxf2+ 12. Kxf2 Qb6+ 13. Nd4 Nxd4 14. Qxd4
Qxb5 15. Rxe7 Qxb2+ 16. Nd2 Qxa1 17. Qxd5+ Kh8 18. Qf7 Rg8 19. Bh6 1-0

[Event "ch-FRA Blitz Online Qual"]
[Site "Europe-Chess INT"]
[Date "2020.05.16"]
[Round "11"]
[White "Mataigne, Jean-Michel"]
[Black "Druon, Thibault"]
[Result "0-1"]
[WhiteElo "1900"]
[BlackElo "1644"]
[WhiteFideId "618250"]
[BlackFideId "45166510"]
[EventDate "2020.05.16"]

1. e4 c5 2. Nf3 d6 3. d3 Nc6 4. g3 g6 5. Bg2 Bg7 6. O-O e6 7. Re1 Nge7 8. c3 O-O
9. d4 cxd4 10. cxd4 d5 11. e5 f6 12. exf6 Bxf6 13. Bg5 Bg7 14. Nbd2 Nxd4 15.
Nxd4 Bxd4 16. Nf3 Bxb2 17. Rb1 Bg7 18. Bxe7 Qxe7 19. Qxd5 Qa3 20. Qb3 Qe7 21.
Ne5 Qc5 22. Nd3 Qf5 23. Rb2 Bxb2 24. Qxb2 Qxd3 25. Rf1 Bd7 0-1

[Event "ch-FRA Blitz Online Qual"]
[Site "Europe-Chess INT"]
[Date "2020.05.16"]
[Round "11"]
[White "Cornileau, Juliette"]
[Black "Buttard, Axel"]
[Result "1-0"]
[WhiteElo "1872"]
[BlackElo "1883"]
[WhiteFideId "36083372"]
[BlackFideId "36052523"]
[EventDate "2020.05.16"]

1. d4 d5 2. c4 e6 3. Nc3 Nf6 4. cxd5 exd5 5. Bg5 c6 6. Qc2 Be7 7. e3 O-O 8. Bd3
h6 9. Bh4 Re8 10. Nf3 Nbd7 11. h3 Nf8 12. O-O-O b5 13. g4 b4 14. Na4 N6h7 15.
Bxe7 Qxe7 16. Rdg1 g5 17. h4 Qf6 18. Ne5 Be6 19. hxg5 hxg5 20. Bxh7+ Kg7 21. Bf5
Rac8 22. Nc5 a5 23. f3 Rc7 24. Qh2 Ng6 25. Qh7+ Kf8 26. Nxe6+ Rxe6 27. Bxe6 Qxe6
28. Nxg6+ Qxg6 29. Qxg6 fxg6 30. Rh8+ Kg7 31. Rgh1 Kf6 32. R1h7 Rxh7 33. Rxh7
Ke6 34. Ra7 Kd6 35. Rxa5 Kc7 36. Kc2 Kd6 37. Kb3 Kc7 38. Kxb4 Kd6 39. Ra6 1-0

[Event "ch-FRA Blitz Online Qual"]
[Site "Europe-Chess INT"]
[Date "2020.05.16"]
[Round "11"]
[White "Kuhn, Mathilde"]
[Black "Percheron, Andre"]
[Result "0-1"]
[WhiteElo "1764"]
[BlackElo "1846"]
[WhiteFideId "36099783"]
[BlackFideId "20607091"]
[EventDate "2020.05.16"]

1. e4 c5 2. c3 Nf6 3. e5 Nd5 4. d4 cxd4 5. Nf3 d6 6. cxd4 dxe5 7. dxe5 Bg4 8. h3
Bh5 9. Qb3 Bxf3 10. Qxf3 e6 11. Bb5+ Nc6 12. O-O Be7 13. Qg3 g6 14. Rd1 Qb6 15.
Bxc6+ Qxc6 16. Bg5 Bxg5 17. Qxg5 O-O 18. Nd2 Qc2 19. Ne4 Qxe4 20. Re1 Qf5 21.
Qd2 Rfd8 22. Qa5 b6 23. Qb5 Rac8 24. Rac1 Rxc1 25. Rxc1 Qxe5 26. Qc6 Qd6 27. Qc2
Nf4 28. Qc4 Qe5 29. Kh1 Rd2 30. Qc8+ Kg7 31. Rc2 Qe1+ 32. Kh2 Rxc2 33. Qxc2 Qe5
34. g3 Nd5 35. Qc4 a5 36. Qb5 Kf6 37. Qd3 Nb4 38. Qf3+ Kg7 39. a3 Nd5 40. Qb3
Qf6 41. Qc2 h5 42. Kg2 b5 43. Qc5 b4 44. Qxa5 bxa3 45. Qxa3 Qd4 46. Qb3 Nf6 47.
Qc2 Ne4 48. b3 Qd5 49. Kg1 Nd2 50. Qb2+ f6 51. b4 Nf3+ 52. Kf1 Qd1+ 53. Kg2 Ne1+
54. Kh2 Qf3 55. h4 Qg2# 0-1

[Event "ch-FRA Blitz Online Qual"]
[Site "Europe-Chess INT"]
[Date "2020.05.16"]
[Round "11"]
[White "Pigeat, Benoit"]
[Black "Cassam-Chenai, Antoine"]
[Result "0-1"]
[WhiteElo "1873"]
[BlackElo "1839"]
[WhiteFideId "20643390"]
[BlackFideId "36087866"]
[EventDate "2020.05.16"]

1. e4 c5 2. Nf3 e6 3. d4 cxd4 4. Nxd4 Nf6 5. f3 Nc6 6. Nxc6 bxc6 7. Be3 d5 8. e5
Nd7 9. f4 c5 10. c3 Rb8 11. b3 Qa5 12. Kf2 Be7 13. Be2 O-O 14. g4 Ba6 15. h4
Bxe2 16. Qxe2 Rxb3 17. axb3 Qxa1 18. Qc2 d4 19. Bd2 Qa6 20. c4 Qc6 21. Rh3 f6
22. exf6 Nxf6 23. g5 Ne4+ 24. Kg1 Nxd2 25. Qxd2 Qe4 26. Na3 Rxf4 27. Qg2 Qe1+
28. Kh2 Rf2 0-1

[Event "ch-FRA Blitz Online Qual"]
[Site "Europe-Chess INT"]
[Date "2020.05.16"]
[Round "11"]
[White "Bakouri, Abdelmajid"]
[Black "Menoux, Joachim"]
[Result "1-0"]
[WhiteElo "1871"]
[BlackElo "1627"]
[WhiteFideId "7901682"]
[BlackFideId "36066206"]
[EventDate "2020.05.16"]

1. e4 e6 2. d4 d5 3. Nd2 Nf6 4. e5 Nfd7 5. Bd3 c5 6. c3 Nc6 7. Ne2 cxd4 8. cxd4
f6 9. exf6 Nxf6 10. O-O Bd6 11. Nf3 O-O 12. Bg5 Qc7 13. h3 Bd7 14. Rc1 Qb6 15.
b3 h6 16. Bh4 Nb4 17. Bb1 Bb5 18. a3 Nc6 19. Re1 Bxa3 20. Qc2 Nb4 21. Qg6 Be8
22. Qg3 Bxc1 23. Rxc1 Nc6 24. Nf4 Nh5 25. Nxh5 Bxh5 26. Qd6 Rae8 27. Ne5 Nxd4
28. Qxb6 axb6 29. Rc7 Rc8 30. Rxb7 Rc1+ 31. Kh2 Rxb1 32. Be7 Re8 33. g4 Bxg4 34.
hxg4 Rxb3 35. Bh4 Nf3+ 36. Nxf3 Rxf3 37. Kg2 Rb3 38. g5 hxg5 39. Bxg5 b5 40. Be3
b4 41. Bf4 Rb1 42. Be5 b3 43. Rxg7+ Kf8 44. Rh7 b2 45. Bc3 Kg8 46. Rg7+ Kf8 47.
Rb7 e5 48. Bb4+ Kg8 49. Bc3 d4 50. Bxb2 Kf8 51. Ba3+ Kg8 52. Rxb1 e4 53. Rd1 d3
54. Kg3 Kf7 55. Bb2 Kg6 56. Bd4 Kf5 57. Be3 Rg8+ 58. Kh2 Kg4 59. Rg1+ Kf3 60.
Rxg8 Ke2 61. Rd8 Kf3 62. Kg1 Ke2 63. Kg2 Ke1 64. Rd4 Ke2 65. Rxe4 d2 66. Bxd2+
Kxd2 67. f4 Kd3 68. Re7 Kd4 69. f5 Kd5 70. f6 Kd6 71. Re8 Kd7 72. Re1 Kd6 73. f7
Kc5 74. f8=Q+ Kc4 75. Qd6 Kb5 76. Rc1 Ka4 77. Qb8 Ka5 78. Ra1# 1-0

[Event "ch-FRA Blitz Online Qual"]
[Site "Europe-Chess INT"]
[Date "2020.05.16"]
[Round "11"]
[White "Douchez, Tony"]
[Black "Dimey, Cyrille"]
[Result "1-0"]
[WhiteElo "1630"]
[BlackElo "1871"]
[WhiteFideId "36087785"]
[BlackFideId "20658273"]
[EventDate "2020.05.16"]

1. e4 e6 2. d4 d5 3. Bd3 c5 4. c3 cxd4 5. cxd4 Nc6 6. Nf3 Bb4+ 7. Nc3 Nge7 8.
O-O O-O 9. Bf4 Ng6 10. Bg3 dxe4 11. Bxe4 Qb6 12. a3 Be7 13. Na4 Qa5 14. b4 Qd8
15. Qd2 Bf6 16. Rfd1 Qe7 17. Qc2 Rd8 18. Bxc6 bxc6 19. Qxc6 Bd7 20. Qc2 Rac8 21.
Nc5 Bb5 22. Ne5 Bxe5 23. Bxe5 Nxe5 24. dxe5 Qg5 25. Rxd8+ Rxd8 26. Rd1 Rc8 27.
Qd2 Qxd2 28. Rxd2 h6 29. f4 Kh7 30. g3 Kg6 31. Kf2 Kf5 32. h3 a5 33. Ke3 axb4
34. axb4 g5 35. fxg5 hxg5 36. Rf2+ Kg6 37. Rf6+ Kg7 38. Rf2 Rd8 39. Rd2 Ra8 40.
Ne4 Ra3+ 41. Kf2 Kg6 42. g4 Ra4 43. Rb2 Bc4 44. Ng3 Bd5 45. Ne2 Kg7 46. b5 Ra8
47. b6 Rb8 48. Nd4 f6 49. exf6+ Kxf6 50. Ke3 e5 51. Nf3 Bxf3 52. Kxf3 Ke6 53.
Ke4 Kf6 54. Rb5 Kg6 55. Kxe5 Rb7 56. Kd6 Rb8 57. Kc7 1-0

[Event "ch-FRA Blitz Online Qual"]
[Site "Europe-Chess INT"]
[Date "2020.05.16"]
[Round "11"]
[White "Afraoui, Solenn"]
[Black "Duprey, Francois-xavier"]
[Result "0-1"]
[WhiteElo "1889"]
[BlackElo "1613"]
[WhiteFideId "625167"]
[BlackFideId "20612516"]
[EventDate "2020.05.16"]

1. e4 c5 2. Nf3 d6 3. d4 cxd4 4. Qxd4 Nf6 5. Bb5+ Bd7 6. c4 Bxb5 7. cxb5 Nbd7 8.
Nc3 g6 9. O-O Bg7 10. h3 O-O 11. Qd1 b6 12. Re1 Rc8 13. Nd4 Nb8 14. Bg5 h6 15.
Bxf6 Bxf6 16. Nd5 Bg7 17. Qd3 e6 18. Ne3 Qf6 19. Red1 Nd7 20. b4 Ne5 21. Qb3
Rfd8 22. a4 Kh7 23. Rac1 Qg5 24. Kh1 Qh4 25. Kg1 Qxe4 26. Rxc8 Rxc8 27. Nc6 Nxc6
28. bxc6 Rxc6 29. b5 Rc3 30. Qb4 Qxb4 31. Kh1 d5 32. g3 d4 33. Ng4 d3 34. Kg2
Qe4+ 35. Kh2 h5 36. Ne3 Qf3 37. Kg1 Bh6 0-1

[Event "ch-FRA Blitz Online Qual"]
[Site "Europe-Chess INT"]
[Date "2020.05.16"]
[Round "11"]
[White "Louvrier Saint-Mary, Jean-Roger"]
[Black "Hucault, Christophe"]
[Result "1-0"]
[WhiteElo "1780"]
[BlackElo "1612"]
[WhiteFideId "618349"]
[BlackFideId "26057336"]
[EventDate "2020.05.16"]

1. b3 Nf6 2. Bb2 d6 3. g3 g6 4. Bg2 Bg7 5. c4 O-O 6. Nc3 e5 7. e3 c6 8. d3 Be6
9. Nge2 Qd7 10. O-O Bh3 11. f4 Bxg2 12. Kxg2 Na6 13. f5 d5 14. cxd5 cxd5 15. Ba3
Rfe8 16. Nb5 Qxb5 17. Rc1 Rac8 18. fxg6 Rxc1 19. gxf7+ Kxf7 20. Qxc1 Qxd3 21.
Nc3 Kg8 22. Rd1 Qf5 23. Nxd5 Nxd5 24. Qc4 Rd8 25. e4 Qg4 26. Rxd5 Qe2+ 27. Qxe2 1-0

[Event "ch-FRA Blitz Online Qual"]
[Site "Europe-Chess INT"]
[Date "2020.05.16"]
[Round "11"]
[White "Leccia, Antoine"]
[Black "Tuillier, Valentin"]
[Result "1-0"]
[WhiteElo "1950"]
[BlackElo "1607"]
[WhiteFideId "36087262"]
[BlackFideId "36020800"]
[EventDate "2020.05.16"]

1. d4 Nf6 2. Nf3 e6 3. e3 b6 4. Bd3 Bb7 5. O-O c5 6. Nbd2 Be7 7. b3 d5 8. Bb2
O-O 9. dxc5 Bxc5 10. c4 Nbd7 11. Qc2 h6 12. Rfe1 Rc8 13. Qd1 Bd6 14. Rc1 Nc5 15.
Bb1 Qe7 16. Bxf6 Qxf6 17. e4 dxe4 18. Nxe4 Nxe4 19. Bxe4 Bxe4 20. Rxe4 Rfd8 21.
Qe2 Bf4 22. Re1 Rc7 23. g3 Bg5 24. h4 Bxh4 25. Rxh4 Rcd7 26. Rf4 Qc3 27. Qe3 Rd3
28. Qe2 g5 29. Rxf7 Kxf7 30. Ne5+ Kg8 31. Nxd3 Rxd3 32. Qxe6+ Kg7 33. Qe7+ Kg6
34. Qe8+ Kf5 35. Qe6# 1-0

[Event "ch-FRA Blitz Online Qual"]
[Site "Europe-Chess INT"]
[Date "2020.05.16"]
[Round "11"]
[White "Fernandez, Jose"]
[Black "Vallee, Louis"]
[Result "0-1"]
[WhiteElo "1597"]
[BlackElo "1864"]
[WhiteFideId "26088983"]
[BlackFideId "45103291"]
[EventDate "2020.05.16"]

1. e4 e5 2. Nf3 Nc6 3. Bb5 a6 4. Ba4 Nf6 5. O-O Be7 6. Re1 b5 7. Bb3 O-O 8. d4
exd4 9. Nxd4 Nxd4 10. Qxd4 c5 11. Qe3 c4 12. e5 Ne8 13. Qg3 cxb3 14. Bh6 bxc2
15. Nc3 d6 16. Nd5 dxe5 17. Rxe5 Bd6 18. Rxe8 Bxg3 19. Rxd8 Rxd8 20. Ne7+ Kf8
21. Bxg7+ Kxg7 0-1

[Event "ch-FRA Blitz Online Qual"]
[Site "Europe-Chess INT"]
[Date "2020.05.16"]
[Round "11"]
[White "Azymah, Remy"]
[Black "Ciarletta, Ulysse"]
[Result "1-0"]
[WhiteElo "1934"]
[BlackElo "1599"]
[WhiteFideId "26014300"]
[BlackFideId "45133000"]
[EventDate "2020.05.16"]

1. e4 c5 2. Nf3 Nc6 3. d4 cxd4 4. Nxd4 Nf6 5. Nc3 e5 6. Ndb5 d6 7. Bg5 a6 8. Na3
b5 9. Nd5 Be7 10. Bxf6 Bxf6 11. c3 Bg5 12. Nc2 O-O 13. a4 bxa4 14. Rxa4 Rb8 15.
Bxa6 Rxb2 16. O-O Bd7 17. Nce3 Nd4 18. cxd4 Bxa4 19. Qxa4 Bxe3 20. Nxe3 Qb6 21.
Nc4 Qxd4 22. Nxb2 Qxb2 23. Bc4 g5 24. Qd1 Qb7 25. Bd5 Qe7 26. Qg4 Qf6 27. h4 h6
28. hxg5 hxg5 29. Rb1 Kg7 30. Rb3 Rh8 31. Rf3 Qh6 32. Rxf7+ Kg8 33. Rf6+ Kg7 34.
Rxh6 Rxh6 35. Qxg5+ Rg6 36. Qe7+ Kh6 37. Qf8+ Kh5 38. Bf7 Kh4 39. Bxg6 d5 40.
Qf6+ Kg4 41. Qf5+ Kh4 1-0